Sport Quiz for Dummies - Statistics

General Stats
  • This quiz has been taken 864 times
  • The average score is 17 of 20
Answer Stats
Question Answer % Correct
In what sport can you get a home run? Baseball
98%
How many players are on a soccer team? 11
97%
Michael Jordan played what sport? Basketball
97%
What metal is used for a first place medal in the olympics? Gold
97%
What country is Real Madrid from? Spain
97%
Name the most popular sport in the USA? American football
96%
What sport does Roger Federer play? Tennis
96%
In what sport is a puck used? Ice Hockey
95%
What is the surname of the golfer ‘Tiger’? Woods
95%
What country has won the FIFA World Cup the most times? Brazil
94%
In what British city was the Olympics held in 2012? London
94%
Who holds the record for the fastest 100m at 9.58 seconds Usain Bolt
94%
The legend Kobe Bryant only ever played for one NBA team. What was the team? Los Angeles Lakers
87%
Which sport uses a balance beam? Gymnastics
84%
Who had the phrase “float like a butterfly, sting like a bee” Muhammad Ali
81%
Tony Hawk was famous for competing in what sport? Skateboarding
81%
The name for someone who rides horses in races? Jockey
79%
Bend it like .....? Beckham
78%
In cricket, who decides if someone is out or not? The Umpire
65%
Rugby players use and wear this to protect their teeth? Gum Shield
25%
No matching quizzes found
Score Distribution
Percent of People with Each Score
Percentile by Number Answered
Your Score History
You have not taken this quiz